| 000 | 00970nam a2200277 a 4500 | ||
|---|---|---|---|
| 001 | BRL_670 | ||
| 005 | 20190320210839.0 | ||
| 008 | 230913s1985----mx-#######---#000-0#spa-# | ||
| 020 | _a9681619013 | ||
| 041 | _aspa | ||
| 044 | _amx | ||
| 050 | 4 |
_aPS169.M4 _b.G86 1985 |
|
| 100 | 1 |
_aGunn, Drewey Wayne _d1939- _924596 |
|
| 245 | 1 | 0 |
_aEscritores norteamericanos y británicos en México _b(selección) _cD. Wayne Gunn ; traducción de Ernestina de Champourcin. |
| 260 |
_aMéxico, D.F. _bFondo de Cultura económica : SEP,Cultura _c1985 |
||
| 300 |
_a205 p. _c21 cm. |
||
| 440 | 0 |
_aLecturas mexicanas _v87 _924597 |
|
| 500 | _aAu754 | ||
| 650 | 1 | 4 |
_aLiteratura inglesa _xHistoria y crítica _924598 |
| 650 | 1 | 4 |
_aLiteratura estadounidense _xHistoria y crítica _924599 |
| 651 | 4 |
_aEstados Unidos _xRelaciones _zMéxico _922747 |
|
| 651 | 4 |
_aGran Bretaña _xRelaciones _zMéxico _924600 |
|
| 700 | 1 |
_aChampourcin, Ernestina de _etr. _94640 |
|
| 902 | _aGRL | ||
| 942 |
_2lcc _cB |
||
| 999 |
_c9482 _d9482 |
||